• 首页
  • 本馆介绍
  • 公告通知
  • 最新文献
  • 馆藏检索
  • 电子资源
  • 读者导购
  • 参考咨询
  • 我的图书馆
  • 登录
  • 详细信息显示
  • 放入我的书架
  • 预约/预借图书
  • 作者相关作品
  • 分类相关作品
  • 丛书相关作品
  • 出版社相关作品

书目信息

  • 表格格式
  • 工作单格式
  • 卡片格式
题名:
汽车底盘构造与维修
    
 
作者: 李民和 , 张书诚 主编
分册:  
出版信息: 西安   西安交通大学出版社  2018
页数: 234页
开本: 26cm
丛书名:
单 册:
中图分类: U463.1 , U472.41
科图分类:
主题词: 汽车--qi che--底盘--结构 , 汽车--qi che--底盘--车辆修理
电子资源:
ISBN: 978-7-5605-6131-8
000 00910nam0 2200277 45
001 012001000299
005 20140105162435.0
010    @a978-7-5605-6131-8@dCNY68.00
099    @aCAL 012015002107
100    @a20141224d2014 em y0chiy50 ea
101 0  @achi
102    @aCN@b610000
105    @aak z 000yy
106    @ar
200 1  @a汽车底盘构造与维修@Aqi che di pan gou zao yu wei xiu@f主编李民和, 张书诚
210    @a西安@c西安交通大学出版社@d2018
215    @a234页@c图@d26cm
330    @a本书共分为五个模块,分别介绍了汽车及底盘的综述、汽车传动系统、汽车行驶系统、汽车转向系统、汽车制动系统等内容。
606 0  @a汽车@Aqi che@x底盘@x结构
606 0  @a汽车@Aqi che@x底盘@x车辆修理
690    @aU463.1@v4
690    @aU472.41@v4
701  0 @a李民和@Ali min he@4主编
701  0 @a张书诚@Azhang shu cheng@4主编
801  0 @aCN@b北京卓展文化@c20191020
905    @b1200201-4@dU463.1@e851@f4
    
    汽车底盘构造与维修/主编李民和, 张书诚.-西安:西安交通大学出版社,2018
    234页:图;26cm
    
    
    ISBN 978-7-5605-6131-8:CNY68.00
    本书共分为五个模块,分别介绍了汽车及底盘的综述、汽车传动系统、汽车行驶系统、汽车转向系统、汽车制动系统等内容。
●
相关链接 在E读中查询图书 在五车中查询图书 在当当中查询图书 在豆瓣中查询图书


正题名:汽车底盘构造与维修     索取号:U463.1/851         预约/预借

序号 登录号 条形码 馆藏地/架位号 状态 备注
1 1200201   212002018   第二样本阅览室/ [索取号:U463.1/851] 在馆    
2 1200202   212002027   第三借阅区/ [索取号:U463.1/851] 在馆    
3 1200203   212002036   第三借阅区/ [索取号:U463.1/851] 在馆    
4 1200204   212002045   第三借阅区/ [索取号:U463.1/851] 在馆    
唐山师范学院图书馆 欢迎您!
大连网信软件有限公司© 版权所有